Linear programming and associated techniques : a comprehensive bibliography on linear, nonlinear, and dynamic programming /
Guardado en:
| Autor Principal: | |
|---|---|
| Otros Autores: | |
| Formato: | Libro |
| Idioma: | English |
| Publicado: |
Baltimore :
Published for Operations Research Office, the Johns Hopkins University, by the Johns Hopkins Press,
c1958.
|
| Edición: | [Rev. ed. of BRS-2]. |
| Series: | Bibliographic reference series (Johns Hopkins University. Operations Research Office) ;
no. 5. Programming for policy decisions ; v. 1. |
| Etiquetas: |
Agregar Etiqueta
Sin Etiquetas, Sea el primero en etiquetar este registro!
|
| LEADER | 01123cam a22002415a 4500 | ||
|---|---|---|---|
| 001 | MAT.inmabb002266 | ||
| 008 | 831130s1958####mdu######b####001#0#eng#d | ||
| 005 | 20130315181503.0 | ||
| 245 | 1 | 0 | |a Linear programming and associated techniques : |b a comprehensive bibliography on linear, nonlinear, and dynamic programming / |c by Vera Riley and Saul I. Gass. |
| 250 | |a [Rev. ed. of BRS-2]. | ||
| 260 | |a Baltimore : |b Published for Operations Research Office, the Johns Hopkins University, by the Johns Hopkins Press, |c c1958. | ||
| 300 | |a x, 613 p. ; |c 23 cm. | ||
| 490 | 1 | |a Bibliographic reference series ; |v no. 5. |a Programming for policy decision ; |v v. 1 | |
| 500 | |a Contiene referencias a más de 1.000 items publicados hasta junio de 1957. | ||
| 500 | |a "Author index": p. 565-613. | ||
| 510 | 4 | |a MR, |c 19,1197e | |
| 100 | 1 | |a Riley, Vera. | |
| 700 | 1 | |a Gass, Saul I. | |
| 830 | 0 | |a Bibliographic reference series (Johns Hopkins University. Operations Research Office) ; |v no. 5. | |
| 830 | 0 | |a Programming for policy decisions ; |v v. 1. | |
| 084 | |a 90-00 |2 msc2000 | ||
| 010 | |a 58003589 | ||
| 859 | |h 90 |i R573 |p A-3929 |b BIB. MATEMATICA | ||
